[Event "New Delhi Skillcraft U1800 op 1st"]
[Site "New Delhi"]
[Date "2025.01.11"]
[Round "6"]
[White "Kunal, Sharma"]
[Black "Pandey, Arpit"]
[Result "1/2-1/2"]
[WhiteElo "1618"]
[BlackElo "1730"]
[PlyCount "93"]
[EventDate "2025.01.10"]
[EventType "swiss"]
[EventRounds "9"]
[EventCountry "IND"]
[SourceTitle "CB12_2025"]
[SourceDate "2025.03.19"]
[SourceVersion "1"]
[SourceVersionDate "2025.03.19"]
[SourceQuality "1"]

1. e4 c5 2. Nf3 e6 3. d4 cxd4 4. Nxd4 a6 5. c4 Nf6 6. Nc3 Bb4 7. Bd3 Qc7 8. Nde2 Nc6 9. 0-0 0-0 10. Bg5 Be7 11. a3 Ng4 12. Bf4 Bd6 13. Bxd6 Qxd6 14. g3 Nce5 15. Nc1 Nxd3 16. Nxd3 Ne5 17. Nxe5 Qxe5 18. Qd3 d6 19. Rad1 Rd8 20. f4 Qc5+ 21. Qd4 Qh5 22. Qb6 Rd7 23. Rxd6 h6 24. Rfd1 Rxd6 25. Rxd6 Qf3 26. Qf2 Qg4 27. Qd2 e5 28. f5 b5 29. c5 h5 30. Qd1 Qg5 31. Kf2 h4 32. Nd5 hxg3+ 33. hxg3 g6 34. Nb6 Bxf5 35. exf5 Qxf5+ 36. Qf3 Qc2+ 37. Kf1 e4 38. Qf2 Qc1+ 39. Kg2 e3 40. Qe2 Qxc5 41. Nxa8 Qxd6 42. Qxe3 Qc6+ 43. Qf3 Qc2+ 44. Kh3 Qxb2 45. Nc7 Qh8+ 46. Kg2 Qb2+ 47. Kh3 1/2-1/2